000
00287nam a22001097a 4500
082
_a
621.89 FUL'T
100
_a
FULLER, DADLEY
_9
72821
245
_a
THEORY AND PRACTICE OF LUBRICATION FOR ENGINEERS
260
_a
ISLAMABAD
_b
NATIONAL BOOK FOUNDATION
_c
1956
300
_a
432P
942
_c
BK
999
_c
578801
_d
578801